Nuevas perspectivas en el estudio del trabajo. (Registro nro. 20112)

MARC details
000 -CABECERA
campo de control de longitud fija 00471nam a2200169Ia 4500
008 - DATOS DE LONGITUD FIJA--INFORMACIÓN GENERAL
campo de control de longitud fija 260312s9999 xx 000 0 und d
082 ## - NÚMERO DE LA CLASIFICACIÓN DECIMAL DEWEY
Número de clasificación 331.5 M797n 1964 HNA
100 ## - ENTRADA PRINCIPAL--NOMBRE DE PERSONA
Nombre de persona Montmollin, M. de
9 (RLIN) 35295
245 #0 - MENCIÓN DE TÍTULO
Título Nuevas perspectivas en el estudio del trabajo.
260 ## - PUBLICACIÓN, DISTRIBUCIÓN, ETC. (PIE DE IMPRENTA)
Nombre del editor, distribuidor, etc. Editorial Troquel
260 ## - PUBLICACIÓN, DISTRIBUCIÓN, ETC. (PIE DE IMPRENTA)
Lugar de publicación. Buenos Aires, Argentina
260 ## - PUBLICACIÓN, DISTRIBUCIÓN, ETC. (PIE DE IMPRENTA)
Fecha de publicación, distribución, etc. 1964
300 ## - DESCRIPCIÓN FÍSICA
Extensión 134p.
500 ## - NOTA GENERAL
Nota general Colección Humberto Nogueira Alcalá
650 ## - PUNTO DE ACCESO ADICIONAL DE MATERIA--TÉRMINO DE MATERIA
Término de materia o nombre geográfico como elemento inicial Trabajo
942 ## - ELEMENTOS DE PUNTO DE ACCESO ADICIONAL (KOHA)
Fuente del sistema de clasificación o colocación
Tipo de ítem Koha Libro
Existencias
Estado de retiro Estado de pérdida Fuente del sistema de clasificación o colocación Estado dañado No para préstamo Código de colección Localización permanente Ubicación/localización actual Fecha de adquisición Fuente de adquisición Total de préstamos Signatura topográfica completa Código de barras Fecha visto por última vez Número de copia Precio válido a partir de Tipo de ítem Koha
          Colección General Biblioteca Central Biblioteca Central 30/08/2025 Donación Humberto Nogueira   331.5 M797n 1964 HNA 27451 17/04/2026 1 17/04/2026 Libro
Derechos Reservados © 2011 Universidad Miguel de Cervantes. Mac Iver 370. Santiago Centro, C.P. 8320170. Chile. / Teléfono: +56 (2) 2 927 34 00